Những sự kiện lịch sử Việt Nam tiêu biểu Thế kỷ XX
Gồm 6 chương: Những sự kiện lịch sử từ năm 1900 đến năm 1920; từ năm 1921 đến năm 1945; từ năm 1946 đến năm 1954; những sự kiện lịch sử Việt Nam từ 1976 - 1985; từ năm 1986 - 1996
Сохранить в:
| Главный автор: | |
|---|---|
| Другие авторы: | |
| Формат: | |
| Язык: | Undetermined |
| Опубликовано: |
H.
Văn hóa văn nghệ
2017
|
| Предметы: | |
| Online-ссылка: | http://lrc.tdmu.edu.vn/opac/search/detail.asp?aID=2&ID=33006 |
| Метки: |
Добавить метку
Нет меток, Требуется 1-ая метка записи!
|
| Thư viện lưu trữ: | Trung tâm Học liệu Trường Đại học Thủ Dầu Một |
|---|
| LEADER | 01147nam a2200229Ia 4500 | ||
|---|---|---|---|
| 001 | TDMU_33006 | ||
| 008 | 210410s9999 xx 000 0 und d | ||
| 082 | |a 959.7041 | ||
| 090 | |b Đ108 | ||
| 100 | |a Nguyễn, Ngọc Thanh | ||
| 245 | 0 | |a Những sự kiện lịch sử Việt Nam tiêu biểu | |
| 245 | 0 | |b Thế kỷ XX | |
| 245 | 0 | |c Đào Phương Anh, Ngô Thị Chang, Trương Văn Cường...[và nh.ng.khác] | |
| 260 | |a H. | ||
| 260 | |b Văn hóa văn nghệ | ||
| 260 | |c 2017 | ||
| 300 | |a 297 tr | ||
| 520 | |a Gồm 6 chương: Những sự kiện lịch sử từ năm 1900 đến năm 1920; từ năm 1921 đến năm 1945; từ năm 1946 đến năm 1954; những sự kiện lịch sử Việt Nam từ 1976 - 1985; từ năm 1986 - 1996 | ||
| 650 | |a Lịch sử |x Sự kiện lịch sử |y Thế kỷ 20 |z Việt Nam | ||
| 700 | |a Trung tâm thông tin văn hóa các dân tộc | ||
| 856 | |u http://lrc.tdmu.edu.vn/opac/search/detail.asp?aID=2&ID=33006 | ||
| 980 | |a Trung tâm Học liệu Trường Đại học Thủ Dầu Một | ||